000 00612nam a22002177a 4500
003 UA-OsUOA
001 82580
007 ta
008 20120314b un ||||| |||| 00| 0 ukr d
100 _aЖулинський М.
090 _a82
_bЖ87
942 _cSA
040 _aUA-OsUOA
_bukr
_cUA-OsUOA
_dUA-OsUOA
245 _aШевченко - 200. Роздуми на 158-му річницю з Дня народження Кобзаря
300 _aС.1,10
955 _a0
041 _aukr
080 _a82
773 0 _w82578
650 7 _a82 Література. Літературознавство
_2UDC
999 _c368891
_d368891